[Event "Michigan Open"]
[Site "East Lansing"]
[Date "1991.09.02"]
[Round "6"]
[White "Johnson, Kirk"]
[Black "Leighton, George"]
[Result "1-0"]
[WhiteElo "1789"]
[BlackElo "1878"]
[PlyCount "165"]
[EventDate "1991.08.30"]

1. c4 e5 2. Nc3 Nf6 3. e4 a6 4. g3 Bc5 5. Bg2 d6 6. Nge2 Nc6 7. O-O Bg4 8. h3
Be6 9. d3 Qd7 10. Kh2 h6 11. Nd5 Bxd5 12. cxd5 Ne7 13. d4 exd4 14. Nxd4 g5 15.
Nb3 Bb6 16. Be3 Ng6 17. Bxb6 cxb6 18. Qd4 Qd8 19. Rad1 O-O 20. f4 gxf4 21. gxf4
Nh5 22. f5 Ne5 23. Bf3 Ng7 24. Qe3 Kh7 25. Rg1 Rg8 26. Qf4 Qf6 27. Be2 b5 28.
Na5 Rab8 29. Rd2 Rgc8 30. Bd1 b6 31. Nb3 Ne8 32. Bh5 Ng7 33. Bd1 Rg8 34. Rdg2
Nd3 35. Qg3 Nc5 36. Nxc5 bxc5 37. Qf4 Rbf8 38. a3 Ne8 39. Bg4 Rg7 40. Re2 Rfg8
41. Rgg2 Qh4 42. f6 Qxf6 43. Qxf6 Nxf6 44. Bf5+ Kh8 45. Rxg7 Rxg7 46. Rf2 Kg8
47. Rf4 Nh5 48. Rf3 Kf8 49. Bg4 Rg5 50. Kg2 Ke7 51. Kf2 Ng7 52. b4 Re5 53. Re3
Ne8 54. Ke2 Kd8 55. Kd3 Ng7 56. Be2 f5 57. exf5 Rxe3+ 58. Kxe3 Nxf5+ 59. Kf4
Nd4 60. Bd1 Ke7 61. bxc5 dxc5 62. Ke5 a5 63. d6+ Kd7 64. Kd5 b4 65. axb4 axb4
66. Bg4+ Kd8 67. Kxc5 Ne6+ 68. Kxb4 Nf4 69. h4 Ng6 70. h5 Nf4 71. Bd1 Nd5+ 72.
Kc5 Nf6 73. Kd4 Kd7 74. Ke5 Nh7 75. Bg4+ Kd8 76. Kf5 Nf8 77. Kf6 Nh7+ 78. Kg6
Ng5 79. d7 Ke7 80. Kxh6 Nf7+ 81. Kg7 Nd8 82. h6 Ne6+ 83. Kg8 1-0

[Event "Michigan Open"]
[Site "East Lansing"]
[Date "1991.09.02"]
[Round "6"]
[White "Jarosz, Stan"]
[Black "Fischvogt, Eric"]
[Result "1-0"]
[WhiteElo "2031"]
[BlackElo "2287"]
[PlyCount "57"]
[EventDate "1991.08.30"]

1. d4 d5 2. c4 e6 3. Nc3 Nf6 4. Bg5 Be7 5. cxd5 exd5 6. e3 O-O 7. Bd3 Nbd7 8.
Qc2 Re8 9. Nf3 Nf8 10. O-O c6 11. Rab1 Ng6 12. b4 Ne4 13. Bxe7 Qxe7 14. b5 Bg4
15. Nd2 Nxc3 16. Qxc3 Rac8 17. bxc6 bxc6 18. Rfc1 Nh4 19. Qc5 Qg5 20. Qd6 Nxg2
21. Qg3 Nxe3 22. h3 h5 23. Nf3 Qh6 24. hxg4 Nxg4 25. Re1 Qf6 26. Rxe8+ Rxe8 27.
Rb8 Qe7 28. Qd6 Qe6 29. Qxe6 1-0

[Event "Michigan Open"]
[Site "East Lansing"]
[Date "1991.09.02"]
[Round "7"]
[White "Householder, James"]
[Black "Sanborn, Richard"]
[Result "1-0"]
[WhiteElo "1416"]
[BlackElo "1877"]
[PlyCount "135"]
[EventDate "1991.08.30"]

1. e4 c5 2. Nc3 Nc6 3. g3 g6 4. Bg2 Bg7 5. Nge2 d6 6. d3 Be6 7. Be3 a6 8. Qd2
Rb8 9. Nf4 Nf6 10. h3 O-O 11. Rg1 b5 12. Nxe6 fxe6 13. e5 Nxe5 14. Bh6 b4 15.
Ne4 Nd5 16. Bxg7 Kxg7 17. Ng5 Nc7 18. f4 Nd7 19. O-O-O e5 20. Rgf1 exf4 21.
Rxf4 Rxf4 22. Qxf4 Nf6 23. Rf1 e5 24. Qf2 Qe7 25. h4 h6 26. Ne4 Nxe4 27. Bxe4
Rf8 28. Qxf8+ Qxf8 29. Rxf8 Kxf8 30. Bxg6 d5 31. Kd2 Kg7 32. Bh5 Kf6 33. Bg4
Ne6 34. Bxe6 Kxe6 35. g4 a5 36. Ke3 a4 37. c3 a3 38. bxa3 bxa3 39. c4 e4 40.
cxd5+ Kxd5 41. dxe4+ Ke5 42. g5 hxg5 43. hxg5 c4 44. g6 Kf6 45. Kd4 c3 46. Kxc3
Kxg6 47. Kb3 Kf6 48. Kxa3 Ke5 49. Kb4 Kxe4 50. Kb5 Kd5 51. Kb6 Kd6 52. a4 Kd7
53. Kb7 Kd6 54. a5 Kc5 55. a6 Kd5 56. a7 Kc5 57. a8=Q Kd5 58. Qa4 Kc5 59. Qe4
Kd6 60. Kb6 Kd7 61. Qc6+ Ke7 62. Kc5 Kf7 63. Kd6 Kf6 64. Qf3+ Kg5 65. Ke6 Kh4
66. Qg2 Kh5 67. Kf5 Kh4 68. Qg4# 1-0

[Event "Michigan Open"]
[Site "East Lansing"]
[Date "1991.09.02"]
[Round "6"]
[White "Hermelyn, Edmund"]
[Black "LaMar, Frank"]
[Result "1/2-1/2"]
[WhiteElo "2182"]
[BlackElo "2012"]
[PlyCount "69"]
[EventDate "1991.08.30"]

1. Nf3 c5 2. g3 g6 3. Bg2 Bg7 4. O-O Nf6 5. d3 d5 6. Nbd2 O-O 7. c3 Nc6 8. e4
Bg4 9. h3 Bxf3 10. Qxf3 d4 11. c4 Ne5 12. Qe2 Nh5 13. Kh2 Qc7 14. f4 f5 15.
exf5 Rxf5 16. Ne4 Nc6 17. Bf3 e5 18. Bxh5 gxh5 19. Ng5 Qd7 20. g4 Rff8 21. f5
e4 22. Nxe4 Be5+ 23. Bf4 Rae8 24. Bxe5 Nxe5 25. f6 hxg4 26. f7+ Rxf7 27. Rxf7
Qxf7 28. Rf1 Nf3+ 29. Rxf3 Rxe4 30. Qxe4 gxf3 31. Qg4+ Kf8 32. Qc8+ Kg7 33.
Qg4+ Kh6 34. Qh4+ Kg7 35. Qg4+ 1/2-1/2

[Event "Michigan Open"]
[Site "East Lansing"]
[Date "1991.09.02"]
[Round "7"]
[White "Hankinson, Chris"]
[Black "Gawarecki, Leszek"]
[Result "1/2-1/2"]
[WhiteElo "2108"]
[BlackElo "2144"]
[PlyCount "72"]
[EventDate "1991.08.30"]

1. Nc3 d5 2. e4 d4 3. Nb1 e5 4. Bc4 Nf6 5. d3 Be7 6. f4 Bg4 7. Nf3 Nc6 8. a3
exf4 9. Bxf4 Nh5 10. Qd2 Bxf3 11. O-O Bg4 12. Bxf7+ Kxf7 13. Bxc7+ Ke8 14. Bxd8
Rxd8 15. h3 Be6 16. Qd1 Ng3 17. Rf3 Bd6 18. Qe1 Nh5 19. Qh4 g6 20. Qe1 Bf4 21.
Nd2 Ne5 22. Rf1 Rf8 23. Nf3 Ng3 24. Qa5 Be3+ 25. Kh2 Nxf1+ 26. Rxf1 Nxf3+ 27.
Rxf3 Rxf3 28. gxf3 Bf4+ 29. Kg2 a6 30. Qb6 Rd6 31. Qxb7 Bd7 32. Qb8+ Kf7 33.
Qh8 h5 34. Qh7+ Kf6 35. Qh8+ Kf7 36. Qh7+ Kf6 1/2-1/2

[Event "Michigan Open"]
[Site "East Lansing"]
[Date "1991.09.02"]
[Round "6"]
[White "Hahn, David"]
[Black "Vandivier, Don"]
[Result "1-0"]
[WhiteElo "2272"]
[BlackElo "2062"]
[PlyCount "91"]
[EventDate "1991.08.30"]

1. c4 c5 2. g3 Nc6 3. Bg2 g6 4. Nc3 Bg7 5. e4 d6 6. d3 Nf6 7. Nge2 Bd7 8. O-O
Qc8 9. f4 Bh3 10. f5 Bxg2 11. Kxg2 Qd7 12. a3 gxf5 13. Rxf5 e6 14. Rf1 O-O-O
15. b4 d5 16. Bg5 Ng4 17. cxd5 exd5 18. Nxd5 Bxa1 19. Qxa1 f6 20. Bxf6 Nxf6 21.
Qxf6 cxb4 22. axb4 Rhf8 23. Qxf8 Rxf8 24. Rxf8+ Nd8 25. Nef4 b6 26. e5 Kb7 27.
Rf6 Qe8 28. e6 Kb8 29. b5 Nxe6 30. Rxe6 Qxb5 31. Rd6 Qb2+ 32. Kh3 Qe5 33. Rd8+
Kb7 34. Rd7+ Ka6 35. Nc7+ Kb7 36. Ncd5+ Ka6 37. Nb4+ Kb5 38. Rd5+ Qxd5 39.
Nbxd5 a5 40. Ne2 Kc5 41. Ndc3 b5 42. d4+ Kc4 43. d5 Kc5 44. d6 Kxd6 45. Nxb5+
Kc5 46. Nbc3 1-0

[Event "Michigan Open"]
[Site "East Lansing"]
[Date "1991.09.02"]
[Round "7"]
[White "Grossman, Jay"]
[Black "Sherbel, Steve"]
[Result "0-1"]
[WhiteElo "1820"]
[BlackElo "2003"]
[PlyCount "46"]
[EventDate "1991.08.30"]

1. e4 e6 2. d4 d5 3. Nd2 b6 4. Ngf3 Nf6 5. exd5 exd5 6. Bb5+ c6 7. Bd3 Bd6 8.
O-O O-O 9. c4 Bg4 10. cxd5 cxd5 11. Re1 Nc6 12. Qa4 Nb4 13. Bb1 Qc7 14. a3 Nc6
15. b4 Rfe8 16. Re3 Nxd4 17. Bxh7+ Kxh7 18. Nxd4 Bxh2+ 19. Kh1 Rxe3 20. fxe3
Rh8 21. Qc2+ Qxc2 22. Nxc2 Kg6 23. Nd4 Bf4+ 0-1

[Event "Michigan Open"]
[Site "East Lansing"]
[Date "1991.09.02"]
[Round "6"]
[White "Golonka, Stan"]
[Black "Fuller, William"]
[Result "0-1"]
[WhiteElo "2046"]
[BlackElo "2118"]
[PlyCount "54"]
[EventDate "1991.08.30"]

1. c4 Nf6 2. g3 d5 3. Bg2 c6 4. Qc2 e5 5. d3 Be7 6. Nf3 dxc4 7. Nxe5 Qa5+ 8.
Nd2 Qxe5 9. Nxc4 Bb4+ 10. Kf1 Qh5 11. Bf4 O-O 12. a3 Bc5 13. h3 g5 14. g4 Qg6
15. Be5 Nbd7 16. Bc3 Bb6 17. e4 Bc7 18. b4 Re8 19. Qb2 Nxe4 20. dxe4 Rxe4 21.
Nd2 Re8 22. Nf3 Qd3+ 23. Kg1 Re2 24. Qc1 Bf4 25. Ne1 Qc4 26. Bd2 Qxc1 27. Bxc1
Rxe1+ 0-1

[Event "Michigan Open"]
[Site "East Lansing"]
[Date "1991.09.02"]
[Round "6"]
[White "Gawarecki, Leszek"]
[Black "Brady, Lindell"]
[Result "1-0"]
[WhiteElo "2144"]
[BlackElo "1957"]
[PlyCount "129"]
[EventDate "1991.08.30"]

1. d4 Nf6 2. c4 e6 3. Nf3 Bb4+ 4. Nbd2 b6 5. e3 Bb7 6. Bd3 O-O 7. O-O d5 8. b3
Ne4 9. Bb2 Nd7 10. a3 Bxd2 11. Nxd2 f5 12. Rc1 Rc8 13. Nf3 g5 14. c5 c6 15. b4
g4 16. Ne5 Nxe5 17. dxe5 Qh4 18. f3 g3 19. h3 Nf2 20. Qe2 Rc7 21. Bc3 Rg7 22.
Be1 Kh8 23. Rc2 Rfg8 24. f4 Rg6 25. Rd2 Rh6 26. Qf3 Nxd3 27. Rxd3 Ba6 28. Rc3
Bxf1 29. Kxf1 Qh5 30. Qxh5 Rxh5 31. cxb6 axb6 32. Rxc6 Ra8 33. Rxe6 Rxa3 34.
Bxg3 Rxe3 35. Kf2 Rb3 36. Rxb6 d4 37. Bh2 Rb2+ 38. Kf3 d3 39. Bg1 d2 40. Rd6
Rh6 41. Rd8+ Kg7 42. Be3 Rxb4 43. Rd7+ Kg8 44. Rxd2 Rg6 45. g4 Rh6 46. Rh2
fxg4+ 47. Kxg4 Rb3 48. Bc5 Kf7 49. f5 Rc6 50. e6+ Kf6 51. Bd4+ Ke7 52. Kg5 Rg3+
53. Kf4 Rd3 54. Ke4 Rd1 55. Ra2 Rc4 56. Ra7+ Ke8 57. Rd7 Re1+ 58. Kd5 Ra4 59.
Bf6 Rd1+ 60. Kc6 Rc1+ 61. Kb5 Ra8 62. Rxh7 Rb8+ 63. Ka6 Rc6+ 64. Ka7 Rxe6 65.
fxe6 1-0

[Event "Michigan Open"]
[Site "East Lansing"]
[Date "1991.09.02"]
[Round "7"]
[White "Gawarecka, Edyta"]
[Black "O'Donnell, Robert"]
[Result "1-0"]
[WhiteElo "2015"]
[BlackElo "2299"]
[PlyCount "75"]
[EventDate "1991.08.30"]

1. e4 c5 2. c3 d5 3. exd5 Qxd5 4. d4 Nc6 5. Nf3 Bg4 6. Be2 e6 7. h3 Bh5 8. c4
Qd6 9. d5 exd5 10. cxd5 Bxf3 11. Bxf3 Nd4 12. O-O Nf6 13. Nc3 Be7 14. Be3 Nxf3+
15. Qxf3 O-O 16. Rfd1 Rfd8 17. Rd2 Qe5 18. Bf4 Qf5 19. g4 Qg6 20. d6 Bf8 21.
Rad1 Rd7 22. Be5 Ne8 23. Ne4 Rc8 24. Rd5 b6 25. h4 h6 26. h5 Qe6 27. g5 hxg5
28. Nxg5 Qh6 29. Bf4 Qh8 30. Ne4 Rcd8 31. Qg4 Qh7 32. Bg5 f5 33. Rxf5 Nxd6 34.
Bxd8 Qh6 35. Nxd6 Bxd6 36. Bg5 Qh7 37. Rfd5 Qc2 38. Qxd7 1-0

[Event "Michigan Open"]
[Site "East Lansing"]
[Date "1991.09.02"]
[Round "7"]
[White "Gabbara, Faris"]
[Black "Yaure, Chris"]
[Result "1-0"]
[WhiteElo "2142"]
[BlackElo "1971"]
[PlyCount "81"]
[EventDate "1991.08.30"]

1. e4 d6 2. d4 Nf6 3. Nc3 g6 4. g3 Bg7 5. Bg2 O-O 6. Nge2 c6 7. O-O e5 8. Bg5
Qb6 9. d5 c5 10. Qd2 a6 11. a4 Re8 12. Ra3 Nbd7 13. a5 Qc7 14. Na4 b5 15. axb6
Nxb6 16. Qa5 Rb8 17. Rb3 Nfd7 18. c4 f6 19. Bd2 Qd8 20. Nxb6 Rxb6 21. Rxb6 Qxb6
22. Qa3 Nb8 23. Ba5 Qb7 24. Rb1 f5 25. Nc3 Bf8 26. b4 cxb4 27. Rxb4 Qa7 28. Bb6
Qe7 29. Be3 Qc7 30. Bf3 a5 31. Ra4 Ba6 32. Nb5 Qc8 33. exf5 Qxf5 34. Kg2 e4 35.
Be2 Bxb5 36. cxb5 Rc8 37. Rxa5 Qxd5 38. b6 Qf7 39. Ra7 Qf5 40. Bg4 Rc3 41. Bxf5
1-0

[Event "Michigan Open"]
[Site "East Lansing"]
[Date "1991.09.02"]
[Round "7"]
[White "Fuller, William"]
[Black "Hahn, David"]
[Result "0-1"]
[WhiteElo "2118"]
[BlackElo "2272"]
[PlyCount "93"]
[EventDate "1991.08.30"]

1. Nf3 d6 2. g3 g6 3. e4 Bg7 4. Bg2 e5 5. d3 Ne7 6. O-O O-O 7. Nc3 Nbc6 8. Be3
Nd4 9. Ne2 Nxf3+ 10. Bxf3 f5 11. exf5 gxf5 12. Bg5 Qe8 13. Nc3 c6 14. Bh5 Ng6
15. Qe2 d5 16. Rae1 h6 17. Be3 Qf7 18. Bc5 Re8 19. d4 e4 20. Qd2 Qf6 21. Ne2 b6
22. Nf4 Nxf4 23. Qxf4 bxc5 24. Bxe8 Ba6 25. Bd7 Bxf1 26. Rxf1 cxd4 27. Qc7 Rd8
28. Bxc6 Qd6 29. Qb7 Kh8 30. b3 Be5 31. h3 Bxg3 32. Kg2 Bh4 33. Rg1 Qf4 34. Kh1
Qf3+ 35. Kh2 Qxf2+ 36. Kh1 Bg3 37. Rxg3 Qxg3 38. Bxd5 Qxh3+ 39. Kg1 Qg3+ 40.
Kh1 Qh3+ 41. Kg1 Qe3+ 42. Kh1 Qc1+ 43. Kh2 Qxc2+ 44. Kh3 Qd3+ 45. Kh2 Qe2+ 46.
Kh1 Qh5+ 47. Kg1 0-1

[Event "Michigan Open"]
[Site "East Lansing"]
[Date "1991.09.02"]
[Round "6"]
[White "Frawley, Ed"]
[Black "Sanborn, Richard"]
[Result "1/2-1/2"]
[WhiteElo "1828"]
[BlackElo "1877"]
[PlyCount "30"]
[EventDate "1991.08.30"]

1. e4 c5 2. Nf3 d6 3. d4 cxd4 4. Nxd4 Nf6 5. Nc3 a6 6. Bg5 e6 7. f4 Be7 8. Qf3
Qc7 9. O-O-O b5 10. a3 Bb7 11. Bxf6 Bxf6 12. Bxb5+ axb5 13. Ndxb5 Qc6 14. Nxd6+
Kf8 15. Nxb7 Qxb7 1/2-1/2

[Event "Michigan Open"]
[Site "East Lansing"]
[Date "1991.09.02"]
[Round "7"]
[White "Ford, William"]
[Black "Jarosz, Stan"]
[Result "0-1"]
[WhiteElo "1878"]
[BlackElo "2031"]
[PlyCount "64"]
[EventDate "1991.08.30"]

1. d4 d5 2. Nf3 Nf6 3. e3 Bf5 4. c4 e6 5. a3 Nbd7 6. Nc3 c6 7. Be2 Bd6 8. O-O
h6 9. b4 a6 10. c5 Bc7 11. Bb2 O-O 12. Re1 e5 13. dxe5 Nxe5 14. Nd4 Bh7 15. f4
Ned7 16. Bf3 Re8 17. Qd2 Ne4 18. Nxe4 Bxe4 19. Qf2 Nf6 20. Rad1 Bxf3 21. gxf3
Qd7 22. Qg2 Nh5 23. f5 Be5 24. Qh3 Nf6 25. Kf2 Kh7 26. Rg1 a5 27. Qg2 Rg8 28.
bxa5 Bxd4 29. Rxd4 Qxf5 30. Rb4 Rxa5 31. Rc1 Ne4+ 32. Ke1 Nxc5 0-1

[Event "Michigan Open"]
[Site "East Lansing"]
[Date "1991.09.02"]
[Round "6"]
[White "Ford, William"]
[Black "Burke, Tim"]
[Result "1-0"]
[WhiteElo "1878"]
[BlackElo "1733"]
[PlyCount "79"]
[EventDate "1991.08.30"]

1. d4 Nf6 2. Nf3 g6 3. c4 c5 4. e3 Bg7 5. Nc3 O-O 6. Be2 Re8 7. O-O cxd4 8.
exd4 d5 9. b3 e6 10. Be3 Nc6 11. Bd3 a6 12. Qd2 dxc4 13. Bxc4 b5 14. Be2 Bb7
15. Rac1 Rc8 16. Rfd1 Ne7 17. Ne1 Nf5 18. Bf3 Nxe3 19. fxe3 Bxf3 20. Nxf3 Bh6
21. Qe2 Qa5 22. Qe1 Ng4 23. Rd3 Qa3 24. Rcd1 b4 25. Ne4 Qxa2 26. h3 f5 27. Nc5
Nf6 28. Ra1 Qc2 29. Rc1 Qa2 30. Rd2 Qa5 31. Ra1 Qb5 32. Qe2 Nd5 33. Rd3 a5 34.
Nd2 e5 35. Nc4 exd4 36. Rxa5 Bxe3+ 37. Rxe3 Rxe3 38. Qd2 Qb8 39. Nxe3 Nxe3 40.
Qxd4 1-0

[Event "Michigan Open"]
[Site "East Lansing"]
[Date "1991.09.02"]
[Round "6"]
[White "Finegold, Ron"]
[Black "Laren, Philip"]
[Result "1/2-1/2"]
[WhiteElo "2166"]
[BlackElo "2224"]
[PlyCount "90"]
[EventDate "1991.08.30"]

1. Nf3 Nf6 2. c4 e6 3. g3 c5 4. Bg2 Nc6 5. O-O Be7 6. Nc3 O-O 7. d4 d5 8. cxd5
exd5 9. dxc5 d4 10. Na4 Bf5 11. Ne1 Qd7 12. b3 Rad8 13. Nd3 Rfe8 14. Nab2 Ne4
15. Bxe4 Bxe4 16. f3 Bf5 17. Bd2 Bf8 18. b4 Ne7 19. Qa4 Nc6 20. Rfe1 h6 21.
Rac1 a6 22. b5 axb5 23. Qxb5 g5 24. Na4 Qc7 25. Rb1 Re7 26. Nb6 Ne5 27. Kf2
Nxd3+ 28. exd3 Rxe1 29. Rxe1 Qxc5 30. Qxc5 Bxc5 31. Re5 Bxb6 32. Rxf5 Ra8 33.
Rf6 Rxa2 34. Ke1 Bd8 35. Rxh6 g4 36. Rd6 Be7 37. Rd7 Ra1+ 38. Ke2 gxf3+ 39.
Kxf3 Bf6 40. h4 b5 41. Rb7 Rd1 42. Ke2 Rb1 43. Bg5 Bxg5 44. hxg5 Kg7 45. Kf3
Re1 1/2-1/2

[Event "Michigan Open"]
[Site "East Lansing"]
[Date "1991.09.02"]
[Round "6"]
[White "Czuhai, Kevin"]
[Black "Repkin, Victor"]
[Result "1-0"]
[WhiteElo "2237"]
[BlackElo "2041"]
[PlyCount "25"]
[EventDate "1991.08.30"]

1. e4 e6 2. d4 d5 3. e5 c5 4. c3 Ne7 5. a3 Nec6 6. Nf3 Be7 7. Bd3 O-O 8. h4 b6
9. Bxh7+ Kxh7 10. Ng5+ Bxg5 11. hxg5+ Kg8 12. Qh5 f6 13. g6 1-0

[Event "Michigan Open"]
[Site "East Lansing"]
[Date "1991.09.02"]
[Round "6"]
[White "Conley, Steve"]
[Black "Hankinson, Chris"]
[Result "0-1"]
[WhiteElo "1992"]
[BlackElo "2108"]
[PlyCount "100"]
[EventDate "1991.08.30"]

1. c4 Nf6 2. Nc3 g6 3. g3 Bg7 4. Bg2 O-O 5. d4 c5 6. e3 Na6 7. Nge2 Rb8 8. O-O
d6 9. Nb5 Ra8 10. Bd2 Nd7 11. Nf4 e5 12. Nd5 exd4 13. exd4 cxd4 14. Bf4 Ne5 15.
Rc1 Nc5 16. b4 Ne6 17. Kh1 g5 18. Bd2 a6 19. Na3 f5 20. f4 gxf4 21. Nxf4 Nxf4
22. Bxf4 Nc6 23. b5 axb5 24. Nxb5 Rxa2 25. Bd5+ Kh8 26. Nxd6 Qf6 27. Re1 Ne7
28. Be5 Qh6 29. Bxg7+ Qxg7 30. Be6 Qf6 31. Nxc8 Nxc8 32. Qb3 Ra6 33. Bxc8 Rb6
34. Qa3 Rxc8 35. Qd3 Rb2 36. Re2 Qc6+ 37. Kg1 Rxe2 38. Qxe2 Qe4 39. Kf2 Kg7 40.
Re1 Re8 41. Qd2 Qxe1+ 42. Qxe1 Rxe1 43. Kxe1 Kf6 44. Kd2 Ke5 45. Kd3 b6 46. h3
h6 47. g4 f4 48. h4 f3 49. g5 hxg5 50. hxg5 Kf5 0-1

[Event "Michigan Open"]
[Site "East Lansing"]
[Date "1991.09.02"]
[Round "7"]
[White "Chehayeb, Sal"]
[Black "Williams, Ron"]
[Result "1-0"]
[WhiteElo "2096"]
[BlackElo "1806"]
[PlyCount "77"]
[EventDate "1991.08.30"]

1. e4 e5 2. Nf3 Nc6 3. Bc4 Be7 4. d4 d6 5. c3 Nf6 6. Nbd2 Bg4 7. Qb3 O-O 8.
Qxb7 Na5 9. Qa6 Nxc4 10. Qxc4 Bxf3 11. gxf3 exd4 12. cxd4 d5 13. Qc2 dxe4 14.
fxe4 Qxd4 15. O-O Bd6 16. Re1 Bxh2+ 17. Kg2 Qd6 18. Nc4 Qc6 19. Kxh2 Ng4+ 20.
Kg3 Qg6 21. Kh3 f5 22. e5 Qh5+ 23. Kg2 Qh2+ 24. Kf1 f4 25. Re4 Qh3+ 26. Ke2 Nh2
27. Qb3 Qg4+ 28. Kd2 Kh8 29. Kc2 Rad8 30. Bd2 Nf3 31. Bc3 Qg6 32. Qb7 c6 33.
Nd6 Rxd6 34. exd6 Qxe4+ 35. Kc1 Nd4 36. Bxd4 Qxd4 37. Qxc6 Rd8 38. a4 Rxd6 39.
Qe8# 1-0

[Event "Michigan Open"]
[Site "East Lansing"]
[Date "1991.09.02"]
[Round "6"]
[White "Calton, Bill"]
[Black "Triplett, Thomas"]
[Result "1-0"]
[WhiteElo "2073"]
[BlackElo "1800"]
[PlyCount "139"]
[EventDate "1991.08.30"]

1. d4 Nf6 2. Nf3 d5 3. Bg5 e6 4. e3 Be7 5. c4 O-O 6. Nc3 h6 7. Bh4 Ne4 8. Bxe7
Qxe7 9. Nxe4 dxe4 10. Nd2 f5 11. Qc2 e5 12. O-O-O exd4 13. exd4 Nc6 14. Qc3 Rd8
15. Nb3 b6 16. Be2 a5 17. d5 Nb4 18. Kb1 a4 19. Nd4 Bd7 20. a3 Na6 21. Rhe1 Nc5
22. Qg3 Qd6 23. Qxd6 cxd6 24. Bh5 Rac8 25. Be2 Kf7 26. f3 Nd3 27. Bxd3 exd3 28.
Nb5 Bxb5 29. cxb5 Rc5 30. Rxd3 Rxb5 31. Rd4 Rc8 32. Re6 Rxd5 33. Rxd6 Rxd6 34.
Rxd6 Rb8 35. Kc2 Rc8+ 36. Kd3 Rb8 37. Rc6 b5 38. Kc3 Re8 39. Rc5 Re3+ 40. Kd2
Rb3 41. Kc2 Ke6 42. Rc6+ Kd5 43. Rg6 Re3 44. Rxg7 Re2+ 45. Kc3 Kc5 46. Rg8 Re3+
47. Kd2 f4 48. Rc8+ Kd4 49. Rf8 Rd3+ 50. Kc2 Re3 51. Rxf4+ Ke5 52. Re4+ Rxe4
53. fxe4 Kxe4 54. Kc3 Ke3 55. Kb4 Kf2 56. g4 Kf3 57. Kxb5 Kxg4 58. Kxa4 Kh3 59.
b4 Kxh2 60. b5 h5 61. b6 h4 62. b7 h3 63. b8=Q+ Kg2 64. Kb3 h2 65. Qh8 h1=Q 66.
Qxh1+ Kxh1 67. a4 Kg2 68. a5 Kf3 69. a6 Ke4 70. a7 1-0

[Event "Michigan Open"]
[Site "East Lansing"]
[Date "1991.09.02"]
[Round "7"]
[White "Burke, Tim"]
[Black "Braak, Dairen"]
[Result "0-1"]
[WhiteElo "1733"]
[BlackElo "1904"]
[PlyCount "76"]
[EventDate "1991.08.30"]

1. e4 c5 2. Nf3 d6 3. d4 cxd4 4. Nxd4 Nf6 5. Nc3 a6 6. Bc4 e6 7. Be3 Nc6 8. Qe2
Bd7 9. O-O-O Be7 10. g4 Ne5 11. g5 Nfg4 12. Bb3 Nxe3 13. Qxe3 Bxg5 14. f4 Bh6
15. Kb1 Qe7 16. Qg3 Ng6 17. f5 Ne5 18. Rhf1 O-O-O 19. Na4 Bxa4 20. Bxa4 Nd7 21.
b4 Nb6 22. Bb3 d5 23. Qc3+ Kb8 24. e5 Rc8 25. Qe1 Rhe8 26. a3 Nc4 27. Ka2 Ne3
28. Rd3 Nxf1 29. Qxf1 g6 30. f6 Qc7 31. Qe1 Bf8 32. Rh3 h5 33. Rg3 Bh6 34. Rd3
Bf4 35. Nf3 g5 36. Kb1 g4 37. Qh4 Bxe5 38. Nxe5 Qxe5 0-1

[Event "Michigan Open"]
[Site "East Lansing"]
[Date "1991.09.02"]
[Round "7"]
[White "Brooks, John"]
[Black "Calton, Bill"]
[Result "1/2-1/2"]
[WhiteElo "2228"]
[BlackElo "2073"]
[PlyCount "148"]
[EventDate "1991.08.30"]

1. d4 Nf6 2. c4 e6 3. Qc2 Bb4+ 4. Bd2 Bxd2+ 5. Nxd2 d5 6. e3 O-O 7. Ngf3 Nbd7
8. Bd3 dxc4 9. Nxc4 c5 10. dxc5 Nxc5 11. Rd1 Nxd3+ 12. Rxd3 Qe7 13. O-O Bd7 14.
Nfe5 Bb5 15. a4 Bxc4 16. Qxc4 Rac8 17. Qd4 Qc5 18. Qxc5 Rxc5 19. Nd7 Nxd7 20.
Rxd7 Rc4 21. Rxb7 Rxa4 22. Rc1 a5 23. g3 g6 24. Kg2 Kg7 25. Kf3 Ra2 26. Ke4 a4
27. Rc3 Rd8 28. f4 h5 29. h3 Ra1 30. Rcc7 Rf8 31. Ra7 Rh1 32. h4 Rg1 33. Kf3
Rf1+ 34. Ke2 Rg1 35. Kf2 Rb1 36. Rcb7 Ra1 37. Rb4 Rc8 38. Kf3 Rf1+ 39. Ke4 Rg1
40. Rbb7 Rf8 41. Kf3 Rf1+ 42. Ke2 Rg1 43. Kf2 Ra1 44. e4 Kf6 45. Kg2 Kg7 46. e5
Kg8 47. Kf2 Kg7 48. Ra6 Kg8 49. Raa7 Kg7 50. Kg2 Kg8 51. Kf3 Rf1+ 52. Ke3 Rg1
53. Kf2 Ra1 54. Kg2 Kg7 55. b4 a3 56. Rd7 a2 57. Rd2 Rb1 58. Rdxa2 Rxb4 59. Rc7
Rb3 60. Raa7 Kg8 61. Rcb7 Rc3 62. Rb2 Rd8 63. Kh2 Re3 64. Rg2 Rdd3 65. Ra8+ Kg7
66. Rc8 Ra3 67. Rd8 Rad3 68. Re8 Rf3 69. Rc8 Rfe3 70. Rcc2 Rf3 71. Rcf2 Rfe3
72. Kh3 Kh7 73. Rg1 Kg7 74. Kh2 Kh7 1/2-1/2

[Event "Michigan Open"]
[Site "East Lansing"]
[Date "1991.09.02"]
[Round "7"]
[White "Brady, Lindell"]
[Black "Johnson, Kirk"]
[Result "1/2-1/2"]
[WhiteElo "1957"]
[BlackElo "1789"]
[PlyCount "62"]
[EventDate "1991.08.30"]

1. e4 e6 2. d4 a6 3. a4 b5 4. axb5 Bb7 5. Nc3 Bb4 6. Bd3 axb5 7. Rxa8 Bxa8 8.
Bd2 Nf6 9. Qe2 Qe7 10. Nf3 Bxc3 11. bxc3 c5 12. e5 c4 13. Bxc4 bxc4 14. exf6
Qxf6 15. O-O Bxf3 16. Qxf3 Qxf3 17. gxf3 Nc6 18. Ra1 O-O 19. Ra4 d5 20. Ra6 Ne7
21. Bf4 Nf5 22. Bg3 Nxg3 23. fxg3 g6 24. f4 Rb8 25. Ra2 Kg7 26. g4 Rb1+ 27. Kg2
Re1 28. Kf2 Rc1 29. h3 h6 30. Kf3 Rh1 31. Kg3 Rc1 1/2-1/2

[Event "Michigan Open"]
[Site "East Lansing"]
[Date "1991.09.02"]
[Round "6"]
[White "Braak, Dairen"]
[Black "Grossman, Jay"]
[Result "0-1"]
[WhiteElo "1904"]
[BlackElo "1820"]
[PlyCount "84"]
[EventDate "1991.08.30"]

1. e4 c5 2. Nf3 Nc6 3. d4 cxd4 4. Nxd4 Nf6 5. Nc3 e6 6. Bc4 Bb4 7. O-O Bxc3 8.
bxc3 Nxe4 9. Qg4 Nf6 10. Qxg7 Rg8 11. Qh6 Rg6 12. Qh3 h5 13. Bd3 Rg8 14. Re1
Nxd4 15. cxd4 d5 16. Bb5+ Bd7 17. Ba3 Qb6 18. Qh4 O-O-O 19. Bd3 Ng4 20. Bc5 Qc7
21. Reb1 b6 22. Ba6+ Kb8 23. a4 Ka8 24. h3 Qh2+ 25. Kf1 Nh6 26. g3 Nf5 27. Qf4
Qxh3+ 28. Ke1 Nxg3 29. Qc7 Qh1+ 30. Kd2 Ne4+ 31. Ke3 Qh3+ 32. f3 Nxc5 33. dxc5
d4+ 34. Kd2 Qxf3 35. Rb3 Qc6 36. cxb6 axb6 37. Qf4 Rg2+ 38. Ke1 Rxc2 39. a5
Qh1+ 40. Bf1 b5 41. Rh3 Qc6 42. Rxh5 Qc3+ 0-1

[Event "Michigan Open"]
[Site "East Lansing"]
[Date "1991.09.02"]
[Round "6"]
[White "Baze, Lineas"]
[Black "Noren, Kevin"]
[Result "0-1"]
[WhiteElo "2039"]
[BlackElo "2270"]
[PlyCount "96"]
[EventDate "1991.08.30"]

1. e4 c5 2. Nf3 Nc6 3. d4 cxd4 4. Nxd4 Nf6 5. Nc3 d6 6. Bc4 e6 7. O-O Be7 8.
Kh1 O-O 9. f3 a6 10. Be3 Qc7 11. a3 Bd7 12. Rb1 Na5 13. Bd3 Nc4 14. Bc1 Nxa3
15. bxa3 Qxc3 16. Bb2 Qc7 17. f4 e5 18. fxe5 Ng4 19. Nf5 Bxf5 20. exf5 Nxe5 21.
f6 Bxf6 22. Rxf6 gxf6 23. Qh5 f5 24. Qg5+ Kh8 25. Qf6+ Kg8 26. Bxf5 Rae8 27.
Re1 Qe7 28. Qh6 f6 29. Re3 Ng4 30. Rxe7 Nxh6 31. Bxh7+ Kh8 32. Bxf6+ Rxf6 33.
Rxe8+ Kxh7 34. h3 Rf7 35. Re6 Rd7 36. g4 Nf7 37. h4 d5 38. g5 Nd6 39. h5 Ne4
40. Rh6+ Kg7 41. Rg6+ Kf7 42. Kg2 Rc7 43. Kf3 Rxc2 44. Kf4 Rc6 45. Rxc6 bxc6
46. Kf5 c5 47. h6 Nxg5 48. Kxg5 c4 0-1

[Event "Michigan Open"]
[Site "East Lansing"]
[Date "1991.09.02"]
[Round "7"]
[White "Basin, Leonid"]
[Black "Owens, James"]
[Result "1-0"]
[WhiteElo "2440"]
[BlackElo "2117"]
[PlyCount "63"]
[EventDate "1991.08.30"]

1. d4 Nf6 2. Nf3 g6 3. c4 Bg7 4. Nc3 d6 5. e4 O-O 6. Be2 e5 7. Be3 Qe7 8. d5
Nh5 9. g3 f5 10. exf5 gxf5 11. Bg5 Nf6 12. O-O Qf7 13. Nh4 Bd7 14. Qc2 h6 15.
Bd2 Nh7 16. f4 e4 17. Nd1 c6 18. Ne3 Bd4 19. Kh1 cxd5 20. cxd5 Rc8 21. Qd1 Na6
22. Bh5 Qf6 23. Bg6 Bxe3 24. Bxe3 Nb4 25. Bd4 Qf8 26. Bc3 Nd3 27. g4 Nf6 28.
Nxf5 Nxd5 29. Qb3 Be6 30. g5 hxg5 31. fxg5 Nc5 32. Nh6+ 1-0

[Event "Michigan Open"]
[Site "East Lansing"]
[Date "1991.09.02"]
[Round "6"]
[White "Ball, Ed"]
[Black "Thurman, John"]
[Result "1-0"]
[WhiteElo "1924"]
[BlackElo "1844"]
[PlyCount "49"]
[EventDate "1991.08.30"]

1. e4 c5 2. c4 Nc6 3. Nc3 Nf6 4. d3 g6 5. Nge2 Bg7 6. f3 h5 7. Be3 d6 8. Qd2
Bd7 9. g3 Qa5 10. h3 a6 11. Bg2 e5 12. g4 h4 13. O-O b5 14. f4 Nd4 15. f5 Rb8
16. g5 Nh5 17. f6 Bf8 18. b3 Ng3 19. Rf2 Ndxe2+ 20. Nxe2 Qxd2 21. Bxd2 bxc4 22.
dxc4 Rh5 23. Kh2 Nxe2 24. Rxe2 a5 25. Bf3 1-0